| 000 | 00827 a2200229 4500 | ||
|---|---|---|---|
| 003 | Nust | ||
| 005 | 20170207164750.0 | ||
| 020 | _a978-0-89106-277-6 | ||
| 035 | _a(EBZ)ebs362098e | ||
| 035 | _a(EBZ)ebs362098e | ||
| 035 | _a(EBZ)ebs362098e | ||
| 040 | _cNust | ||
| 100 | 1 | _aHessler-Key, Mary. | |
| 245 | 1 | 0 |
_aCEO Road Rules: Right Focus, Right People, Right Execution (E BOOK) _h[Elektronisk resurs] |
| 260 |
_bDavies-Black Publishing _c2006 |
||
| 300 | _a233p | ||
| 500 | _ae book | ||
| 655 | 4 | _aElectronic books | |
| 700 | 1 | _aStearns, Dennis | |
| 856 | 4 | 0 | _uhttp://ep.bib.mdh.se/login?url=http://search.ebscohost.com/login.aspx?direct=true&scope=site&db=e000xww&AN=278631 |
| 856 | 4 | 0 | _uhttp://webproxy.student.hig.se:2048/login?url=http://search.ebscohost.com/login.aspx?direct=true&scope=site&db=nlebk&db=nlabk&AN=278631 |
| 942 |
_2ddc _cBK |
||
| 999 |
_c209977 _d209977 |
||